00988nam a22002297a 45000010005000000030006000050050017000110080041000280200018000690400029000870500009001160820010001251000021001352450053001562600042002093000042002515050007002935200384003005210027006845210019007116500028007309526FISKH20260119104003.0260119b cb ||||| |||| 00| 0 eng d a9781416933816 aFISKHbengcFISKHdFISKH aPZ7  a652.8 aWeber, Jen Funk  aNancy Drew still sleuthing! /cby Jen Funk Weber aNew York : bSimon Scribbles,c2007.  a63 pages : billustrations ; c20 cm  aP  aNancy Drew fans are transformed into super sleuths as they break codes,solve mystery puzzles, follow notes to case their neighborhood, and spyon unusual suspects in this new series of Nancy Drew Activity Books. With64 pages of activities, and a collectible charm necklace, Nancy Drew fanswill have hours entertainment and be on their way to becoming stylish,top-notch detectives.8 a620 bLexile estimate 8 aP bRaz-Plus  aChapter Book vChildren